| 000 | 01424nam a2200373 a 4500 | ||
|---|---|---|---|
| 001 | 000112040 | ||
| 003 | CHAP | ||
| 005 | 20220329144243.0 | ||
| 008 | 151124s2015 mx a fsm |||||||spa d | ||
| 010 | _a108501 | ||
| 011 | _a109473 | ||
| 040 | _cCHAP | ||
| 090 | _aTesis | ||
| 100 | 1 |
_aBarrón Coronado, Ana Karen _9130118 |
|
| 245 | 1 | 0 |
_aEvaluación de extractos de cachichín (Oecopetalum mexicanum) para el control in vitro de aislados de Colletotrichum spp. de aguacate _h[En línea] _cpor Ana Karen Barrón Coronado. |
| 260 |
_aChapingo, Méx. : _bEl autor, _c2015. |
||
| 500 | _aPara ver el contenido del material haga clic en la liga | ||
| 502 | _aTesis (Ing. Agr. Esp. en Parasitología Agrícola) -- UACH. Departamento de Parasitología Agrícola | ||
| 590 |
_aBATCH _b00 _c20181121 _lUCH01 _h0758 |
||
| 590 |
_aE5995AHE _b05 _c20151124 _lUCH01 _h0947 |
||
| 590 |
_aE5995AHE _b05 _c20151124 _lUCH01 _h0948 |
||
| 590 |
_aE5995AHE _b05 _c20151124 _lUCH01 _h0957 |
||
| 590 |
_aE5995AHE _b05 _c20151124 _lUCH01 _h1144 |
||
| 650 | 1 | 4 |
_aAguacate _xEnfermedades por hongos. _92511 |
| 650 | 1 | 4 |
_aColletotrichum. _925250 |
| 650 | 1 | 4 |
_aExtractos vegetales. _939214 |
| 650 | 1 | 4 |
_aHongos fitopatógenos. _956132 |
| 650 | 1 | 4 |
_aPlantas _xEnfermedades por virus. _988834 |
| 856 |
_a1 _n0000806 |
||
| 856 |
_aFinding aid _uhttp://10.13.5.2/tesis/sist112040.pdf _zTeclea aquí |
||
| 901 | _aBK | ||
| 942 | _cTESIS | ||
| 942 | _n0 | ||
| 999 |
_c108501 _d108501 |
||